[Event "Albert Boxer Classic op"]
[Site "Winnipeg"]
[Date "2005.05.14"]
[Round "2"]
[White "Degroot, Stephen"]
[Black "Remillard, John"]
[Result "1-0"]
[WhiteElo "1594"]
[BlackElo "1562"]
[PlyCount "51"]
[EventDate "2005.05.13"]
[EventType "swiss"]
[EventRounds "5"]
[EventCountry "CAN"]
[SourceTitle "CBM 106 Extra"]
[Source "ChessBase"]
[SourceDate "2005.07.01"]
[SourceVersion "1"]
[SourceVersionDate "2005.07.01"]
[SourceQuality "1"]

1. e4 e5 2. Nf3 Nf6 3. Nxe5 Qe7 4. Nf3 Qxe4+ 5. Be2 Bd6 6. Nc3 Qe7 7. d4 Bb4 8. 0-0 Bxc3 9. bxc3 0-0 10. Bg5 d6 11. Re1 Bg4 12. Ba6 Qd7 13. Bxb7 Nc6 14. Bxf6 Rab8 15. Bxc6 Qxc6 16. d5 Qd7 17. Bh4 Rfe8 18. Qd3 Bf5 19. Qd2 Rb2 20. Nd4 Reb8 21. h3 Bxc2 22. Qe3 Bb1 23. Nc6 Rc8 24. Raxb1 Rxb1 25. Rxb1 Re8 26. Qxa7 1-0

[Event "Winnipeg TNT March op"]
[Site "Winnipeg"]
[Date "2005.03.08"]
[Round "2"]
[White "Schulz, Manfred"]
[Black "Degroot, Stephen"]
[Result "0-1"]
[WhiteElo "1905"]
[BlackElo "1586"]
[PlyCount "84"]
[EventDate "2005.03.01"]
[EventType "swiss"]
[EventRounds "4"]
[EventCountry "CAN"]
[SourceTitle "EXT 2006"]
[Source "ChessBase"]
[SourceDate "2005.11.24"]
[SourceVersion "1"]
[SourceVersionDate "2005.11.24"]
[SourceQuality "1"]

1. e4 c5 2. Ne2 d6 3. d4 cxd4 4. Nxd4 Nf6 5. Nc3 a6 6. a4 e5 7. Nb3 Be6 8. Be2 Be7 9. Be3 Nbd7 10. 0-0 0-0 11. Kh1 Nc5 12. f3 h6 13. Re1 Qc7 14. Nxc5 dxc5 15. Nd5 Bxd5 16. exd5 c4 17. a5 Bc5 18. Bf1 Rad8 19. Bxc5 Qxc5 20. Rxe5 Rxd5 21. Rxd5 Nxd5 22. Qe2 Ne3 23. Qf2 Rc8 24. Ra3 Nxf1 25. Qxf1 Qe5 26. c3 Rc5 27. Ra4 Rxa5 28. Rxc4 Qe2 29. Rc8+ Kh7 30. Qb1+ g6 31. h3 Rg5 32. Qg1 Rd5 33. Kh2 b6 34. f4 Rd2 35. Rc7 Kg7 36. Rc6 g5 37. Rxb6 gxf4 38. Rb4 f3 39. Rg4+ Kh7 40. Qc5 Qe6 41. Qh5 Qd6+ 42. Kg1 f2+ 0-1

[Event "Winnipeg Kent Oliver Memorial"]
[Site "Winnipeg"]
[Date "2005.01.22"]
[Round "3"]
[White "Degroot, Stephen"]
[Black "Cleto, Sam"]
[Result "0-1"]
[WhiteElo "1602"]
[BlackElo "1840"]
[PlyCount "86"]
[EventDate "2005.01.21"]
[EventType "swiss"]
[EventRounds "5"]
[EventCountry "CAN"]
[SourceTitle "EXT 2006"]
[Source "ChessBase"]
[SourceDate "2005.11.24"]
[SourceVersion "1"]
[SourceVersionDate "2005.11.24"]
[SourceQuality "1"]

1. e4 c5 2. Nf3 d6 3. d4 cxd4 4. Nxd4 Nf6 5. Nc3 a6 6. Bg5 e6 7. f4 Be7 8. Qf3 Qc7 9. 0-0-0 Bd7 10. Qg3 Nc6 11. Nxc6 Bxc6 12. e5 dxe5 13. fxe5 Ne4 14. Nxe4 Bxe4 15. Bd3 Bxd3 16. Rxd3 Bxg5+ 17. Qxg5 0-0 18. h4 Rac8 19. Rd2 h6 20. Qe3 Qa5 21. Kb1 Rc5 22. Re2 Rd8 23. a3 Rcd5 24. g4 Rd1+ 25. Rxd1 Rxd1+ 26. Ka2 Qd5+ 27. b3 b5 28. g5 h5 29. Qe4 Qd4 30. Qxd4 Rxd4 31. Rh2 Re4 32. Kb2 Rxe5 33. c4 Kf8 34. cxb5 axb5 35. Rh3 Ke7 36. Kc3 Kd6 37. Rd3+ Kc6 38. Rd4 f5 39. gxf6 gxf6 40. a4 Rc5+ 41. Kd3 e5 42. Rb4 f5 43. a5 Kb7 0-1

[Event "Winnipeg TNT June op"]
[Site "Winnipeg"]
[Date "2004.06.01"]
[Round "1"]
[White "Zaczek, Jonathon"]
[Black "Degroot, Stephen"]
[Result "1-0"]
[WhiteElo "1924"]
[BlackElo "1527"]
[PlyCount "79"]
[EventDate "2004.06.??"]
[EventType "swiss"]
[EventRounds "4"]
[EventCountry "CAN"]
[SourceTitle "EXT 2006"]
[Source "ChessBase"]
[SourceDate "2005.11.24"]
[SourceVersion "1"]
[SourceVersionDate "2005.11.24"]
[SourceQuality "1"]

1. e4 c5 2. Ne2 d6 3. Nbc3 a6 4. a4 Nc6 5. d4 cxd4 6. Nxd4 Nf6 7. Be2 e6 8. 0-0 Be7 9. Kh1 0-0 10. f4 Qc7 11. Be3 Bd7 12. Nb3 Kh8 13. a5 Rac8 14. Bf3 Ne8 15. Qd2 f5 16. Rfd1 fxe4 17. Bxe4 d5 18. Bxd5 exd5 19. Nxd5 Qb8 20. Nxe7 Nxe7 21. Qxd7 Rc7 22. Qd2 Nf5 23. Nd4 Nxe3 24. Qxe3 Nf6 25. Qf3 Rc4 26. b3 Rcc8 27. Rd3 Nd7 28. Ne6 Ne5 29. Qg3 Ng6 30. Nxf8 Rxf8 31. Rf3 Ne7 32. Qf2 Qd6 33. Rf1 Nf5 34. g4 Nh6 35. h3 Qc6 36. Kg1 Qd5 37. Qb6 Qd7 38. f5 Rf6 39. Qe3 Rf8 40. f6 1-0

[Event "Winnipeg March Active"]
[Site "Winnipeg"]
[Date "2004.03.30"]
[Round "3"]
[White "Repa, Jason"]
[Black "Degroot, Stephen"]
[Result "1-0"]
[WhiteElo "1964"]
[BlackElo "1552"]
[PlyCount "47"]
[EventDate "2004.03.??"]
[EventType "swiss (rapid)"]
[EventRounds "4"]
[EventCountry "CAN"]
[SourceTitle "EXT 2006"]
[Source "ChessBase"]
[SourceDate "2005.11.24"]
[SourceVersion "1"]
[SourceVersionDate "2005.11.24"]
[SourceQuality "1"]

1. f4 d6 2. b3 Nc6 3. e3 e5 4. fxe5 Nxe5 5. Nf3 Nf6 6. Bb2 Nxf3+ 7. Qxf3 Be7 8. Bd3 c6 9. 0-0 0-0 10. Nc3 d5 11. Ne2 b5 12. Nd4 Qc7 13. a4 b4 14. Nf5 Bxf5 15. Qxf5 Qd7 16. Qg5 h6 17. Qg3 Bd6 18. Qh4 Qg4 19. Bxf6 Qxh4 20. Bxh4 g5 21. Bg3 Bxg3 22. hxg3 a5 23. Rf6 Kg7 24. Rxc6 1-0

[Event "Winnipeg Winter op"]
[Site "Winnipeg"]
[Date "2004.02.20"]
[Round "1"]
[White "Katona, John"]
[Black "Degroot, Stephen"]
[Result "1-0"]
[WhiteElo "1833"]
[BlackElo "1524"]
[PlyCount "73"]
[EventDate "2004.02.??"]
[EventType "swiss"]
[EventRounds "5"]
[EventCountry "CAN"]
[SourceTitle "EXT 2006"]
[Source "ChessBase"]
[SourceDate "2005.11.24"]
[SourceVersion "1"]
[SourceVersionDate "2005.11.24"]
[SourceQuality "1"]

1. e4 c5 2. c3 Nf6 3. e5 Nd5 4. d4 cxd4 5. Nf3 dxc3 6. Qxd5 e6 7. Qb3 cxb2 8. Bxb2 Nc6 9. Be2 b6 10. Nbd2 Bb7 11. 0-0 Bc5 12. Ba3 Na5 13. Qd3 Rc8 14. Rfc1 0-0 15. Bxc5 bxc5 16. Nc4 Ba6 17. Qe3 Nxc4 18. Bxc4 Bxc4 19. Rxc4 f6 20. Rxc5 Qb6 21. Rxc8 Rxc8 22. Qxb6 axb6 23. h3 Rc5 24. Rd1 Rc7 25. Rb1 Rb7 26. Rb5 Kf7 27. Nd2 fxe5 28. Nc4 Ke7 29. Rxb6 Rxb6 30. Nxb6 d5 31. Kf1 Kd6 32. Ke2 Kc5 33. Nd7+ Kd4 34. Nf8 e4 35. Nxe6+ Kc4 36. Ke3 g6 37. a4 1-0